| 000 | 00319nam a2200121 a 4500 | ||
|---|---|---|---|
| 082 |
_a954.0358 _bCOA |
||
| 100 | 1 |
_aJ. COATMAN _950275 |
|
| 245 | _aIndia in 1926 - 27. | ||
| 260 |
_aDelhi: _bAnmol Publication , _c1928 |
||
| 526 |
_a0 _b0 _c0 _d954_035800000000000_COA |
||
| 650 | 0 |
_aIndia -- History _96814 |
|
| 942 |
_2ddc _cBK |
||
| 999 |
_c553003 _d553003 |
||